000 00553nam a2200193Ia 4500
005 20260504115842.0
008 260504s9999 xx 000 0 und d
020 _a978-1-292-21635-5
082 _a382
_bKRU-I
100 _aKrugman, Paul R.
_aMaurice Obstfeld
_aMarc J. Melitz
245 0 _aInternational Trade :
_bTheory and Policy
250 _a11th ed
260 _aUnited Kingdom
_bPearson Education Limited
_c2018
300 _a367 p.
500 _aInclude an index.
650 _aInternational Commerce
650 _aAccounting
942 _cBK
999 _c47482
_d47482